[Event "ESP-ch U16"]
[Site "Salobrena"]
[Date "2015.07.23"]
[Round "6"]
[White "Henderson de la Fuente, Andrea"]
[Black "Krell Calvo, Daniel"]
[Result "1/2-1/2"]
[WhiteElo "1947"]
[BlackElo "1560"]
[PlyCount "71"]
[EventDate "2015.07.20"]
[EventType "swiss"]
[EventRounds "9"]
[EventCountry "ESP"]
[SourceTitle "EXT 2016"]
[Source "ChessBase"]
[SourceDate "2015.10.08"]
[SourceVersion "1"]
[SourceVersionDate "2015.10.08"]
[SourceQuality "1"]

1. e4 c5 2. Nc3 Nc6 3. g3 g6 4. Bg2 Bg7 5. d3 d6 6. Be3 Rb8 7. Qd2 b5 8. Nge2 Bd7 9. f4 b4 10. Nd1 Nf6 11. h3 0-0 12. 0-0 a5 13. f5 a4 14. Bh6 a3 15. Bxg7 Kxg7 16. Rf4 h5 17. Rh4 Rh8 18. fxg6 fxg6 19. Qg5 e5 20. Ne3 Nh7 21. Nf5+ Bxf5 22. Qxd8 Rbxd8 23. exf5 Nd4 24. Nxd4 cxd4 25. fxg6 Nf6 26. g4 hxg4 27. Rxh8 Rxh8 28. hxg4 Nxg4 29. Be4 Nf6 30. Bf5 Rh5 31. Be6 Kxg6 32. bxa3 bxa3 33. Rb1 Rh8 34. Rb6 Ra8 35. Rxd6 Ra5 36. Bb3 1/2-1/2

[Event "Andalucia-ch U16"]
[Site "Huelva"]
[Date "2014.04.25"]
[Round "3.10"]
[White "Krell Calvo, Daniel"]
[Black "Cortes Cabeza, Cameron"]
[Result "1/2-1/2"]
[WhiteElo "1510"]
[BlackElo "1704"]
[PlyCount "38"]
[EventDate "2014.04.25"]
[EventType "swiss"]
[EventRounds "9"]
[EventCountry "ESP"]
[SourceTitle "EXT 2024"]
[Source "ChessBase"]
[SourceDate "2023.10.10"]
[SourceVersion "1"]
[SourceVersionDate "2023.10.10"]
[SourceQuality "1"]

1. e4 e5 2. Nf3 Nc6 3. Bc4 Be7 4. c3 d6 5. d3 Nf6 6. Bb3 h6 7. 0-0 0-0 8. h3 Kh8 9. Nbd2 Nh7 10. Re1 f5 11. exf5 Bxf5 12. Ne4 Qd7 13. Ng3 Nd8 14. Nxf5 Qxf5 15. Qe2 Nf7 16. Bc2 Nfg5 17. Nxg5 Bxg5 18. d4 Qf6 19. dxe5 dxe5 1/2-1/2

[Event "Andalucia-ch U14"]
[Site "Islantilla"]
[Date "2012.04.13"]
[Round "2"]
[White "Krell Calvo, Daniel"]
[Black "Mateos Atienza, Alberto"]
[Result "1/2-1/2"]
[WhiteElo "1473"]
[BlackElo "1638"]
[PlyCount "51"]
[EventDate "2012.04.13"]
[EventType "swiss"]
[EventRounds "9"]
[EventCountry "ESP"]
[SourceTitle "CBM 148 Extra"]
[Source "ChessBase"]
[SourceDate "2012.06.22"]
[SourceVersion "1"]
[SourceVersionDate "2012.06.22"]
[SourceQuality "1"]

1. e4 c5 2. Nc3 e6 3. g3 a6 4. Bg2 Qc7 5. Nge2 Nc6 6. d3 d6 7. 0-0 Nf6 8. Bd2 b5 9. a3 Bb7 10. h3 Be7 11. Kh2 Rc8 12. f4 0-0 13. g4 Nd7 14. Ng3 Nd4 15. Nce2 Nxe2 16. Qxe2 Nb6 17. f5 Bf6 18. Rab1 Be5 19. Bf4 Bxf4 20. Rxf4 d5 21. Rbf1 exf5 22. exf5 Rfe8 23. Qd2 f6 24. g5 Re7 25. gxf6 gxf6 26. Re1 1/2-1/2

[Event "Andalucia-ch U12 1011"]
[Site "Almeria"]
[Date "2011.03.25"]
[Round "4.8"]
[White "Krell Calvo, Daniel"]
[Black "Sanchez Sanchez, Javier"]
[Result "1-0"]
[WhiteElo "1499"]
[BlackElo "1381"]
[PlyCount "109"]
[EventDate "2011.03.25"]
[EventType "swiss"]
[EventRounds "9"]
[EventCountry "ESP"]
[SourceTitle "EXT 2024"]
[Source "ChessBase"]
[SourceDate "2023.10.10"]
[SourceVersion "1"]
[SourceVersionDate "2023.10.10"]
[SourceQuality "1"]

1. e4 c5 2. Nc3 Nc6 3. g3 e6 4. Bg2 Nge7 5. d3 d5 6. Bd2 d4 7. Nce2 e5 8. Nf3 Bg4 9. h3 Bd7 10. 0-0 Ng6 11. Kh2 h5 12. Bg5 f6 13. Bd2 Nge7 14. Rh1 g5 15. Kg1 g4 16. hxg4 Bxg4 17. Nh2 Qd7 18. f3 Bh3 19. Qf1 Bxg2 20. Qxg2 Rg8 21. Nf1 Rh8 22. Rh3 Bg7 23. Qh2 0-0-0 24. Rxh5 Rxh5 25. Qxh5 Rh8 26. Qg4 Qxg4 27. fxg4 Rg8 28. Nh2 Bf8 29. Rf1 Rg6 30. Kg2 Ng8 31. c3 Bd6 32. Ng1 Nh6 33. Bxh6 Rxh6 34. Ngf3 Kd7 35. Nh4 Be7 36. Nf5 Rg6 37. c4 Nb4 38. Rd1 Nc2 39. a3 Rg5 40. Rc1 Ne3+ 41. Nxe3 dxe3 42. Re1 Bf8 43. Rxe3 Bh6 44. Re1 Rg8 45. Kf3 Ke8 46. Nf1 Rh8 47. Kg2 Bg5 48. Ne3 Rg8 49. Nf5 b6 50. b4 Bd2 51. Rd1 Bc3 52. Kf3 a6 53. Rh1 b5 54. Rh7 Rf8 55. Re7+ 1-0